Click the Spider-Man Characters Quiz Stats

 Plays Quiz Updated Jul 5, 2019

Score 0/15 Timer 04:00
8 Plays Today
Question Answer Wrong Answers
Spider-Man Spider-Man
99.2%
Anti-Venom
0.3%
Deadpool
0.3%
Daredevil
0.2%
Doctor Octopus Doctor Octopus
97.4%
Arcade
0.3%
Mr Sinister
0.9%
Apocalypse
0.5%
Green Goblin Green Goblin
95.2%
Abomination
3.2%
Sauron
0.4%
Hela
0.7%
Venom Venom
94.6%
Agony
1.6%
Carnage
3.1%
Purple Man
0.4%
Lizard Lizard
92.7%
Stegron
3.2%
Abomination
1.3%
Phage
0.7%
Mysterio Mysterio
91.6%
BR-Gamma
2.4%
Arnim Zola
2%
Elder
1%
Vulture Vulture
83.5%
Power Armor
0.8%
Dragoness
6.1%
Corvus Glaive
7.9%
Carnage Carnage
81.5%
Sin
2.6%
Dormammu
9.7%
Rogue
4%
Kraven the Hunter Kraven the Hunter
77.8%
Sabretooth
9.5%
Kurse
6.4%
Sugar Man
3.4%
Electro Electro
73%
Ultron
12.3%
Zzzax
7.2%
Vector
5.2%
Black Cat Black Cat
70.7%
Hellcat
17.8%
Shadowcat
3.9%
Squirrel Girl
5%
Ultimate Spider-Man Ultimate Spider-Man
68.2%
Spider-Girl
0.3%
Spider-Gwen
1.1%
Spider-Man
29.2%
Spider-Man 2099 Spider-Man 2099
65%
Spider-Man Noir
4.5%
Future Foundation Spider-Man
27.7%
Blackheart
0.3%
Morbius Morbius
56.7%
Morlun
21.6%
Dracula
8.8%
Sebastian Shaw
9.7%
Silk Silk
49.3%
Spider-Gwen
19.6%
Black Widow
9.5%
Spider-Girl
18.3%

You're not logged in!

Compare scores with friends on all Sporcle quizzes.
OR
Log In

Sporcle TV

Today on Sporcle TV


Watch our educational content, quiz creation guides, and fun videos on Sporcle TV.

Show Comments

Extras

Top Quizzes Today


Score Distribution

Your Account Isn't Verified!

In order to create a playlist on Sporcle, you need to verify the email address you used during registration. Go to your Sporcle Settings to finish the process.

Report this User

Report this user for behavior that violates our Community Guidelines.

Details: